000 01049nam a2200325 i 4500
001 bg
003 BPK
005 20200219095125.0
008 000428s1999 pl a f |001 0 pol
015 _aPB 2000/7643
020 _a8387150851
040 _aWA N
_cBPK
041 1 _apol
_heng
080 _a004.451
080 _a(07)
100 1 _aHarlow, Eric.
245 1 0 _aLinux - tworzenie aplikacji /
_cEric Harlow ; [przekł. Grzegorz Werner].
246 1 _iTyt. oryg.:
_aDeveloping Linux application with GTK+ and GDK,
_f1999.
260 _aWrocław :
_b"Robomatic",
_ccop. 1999.
300 _aVIII, 536 s. :
_bil. ;
_c25 cm.
490 1 _aBiblioteka Problemów ;
_v3.
504 _aIndeks.
655 4 _aPodręcznik
650 4 _aSystemy operacyjne
650 4 _aLinux
700 1 _aWerner, Grzegorz
_eTłumaczenie
830 0 _aBiblioteka Problemów - Robomatic ;
_v3.
856 _uhttp://koha.tu.koszalin.pl/cgi-bin/koha/opac-detail.pl?biblionumber=35787
_yKatalog online BPK
942 _2UKD
_cKS
999 _c35787
_d35787